000 00713cam a2200193 4500
001 J64188
008 000000n1981 000 0 eng u
035 _a(Sirsi) u112285
110 _aInstitute of Building Control
_93341
245 _aInstitution of Building Control Officers - West Midland District weekend school 1981
260 _aEpsom
_bIBC
_c1981
300 _a51p. ; 30cm.
520 _aStored in basement. Weekend School held at Keele University 3rd, 4th & 5th April 1981. Organised by the West Midland District
650 _aIBC
650 _aINSTITUTE OF BUILDING CONTROL
650 _aPROFESSIONAL ASSOCIATIONS
690 _aMANAGEMENT-BUSINESS MANAGEMENT-PROFESSIONAL PRACTICE
942 _n0
999 _c101390
_d101390